| 000 | 00329nam a2200133Ia 4500 | ||
|---|---|---|---|
| 008 | 190216s9999||||xx |||||||||||||| ||und|| | ||
| 100 | _aAbdul Assis Koroth | ||
| 245 | 0 | _aOperations Management | |
| 250 | _a1st Ed. | ||
| 260 |
_bCalicut University Central Co-Operative _c2005 |
||
| 300 | _a304 | ||
| 650 | _aCommerce | ||
| 942 | _cBK | ||
| 999 |
_c8130 _d8130 |
||